000 00600nam a2200205Ia 4500
003 GCL
008 140319s9999 xx 000 0 ara d
040 _aGCL /
_cGCL
082 0 4 _a214.27
_bح ا
100 1 _aحافظ عثمان
245 1 0 _aالاسلام والصراعات الدينية /
_cحافظ عثمان
260 _a[S.N] :
_bالهيئة المصرية العامة للكتاب ،
_c1994
300 _a271 ص
490 _a
650 0 4 _aالاسلام
650 0 4 _aاليهودية
650 0 4 _aالديانات
650 0 4 _aالصراع الدينى
942 _2ddc
_cBK
999 _c29527
_d29527